000 00653nam a2200241Ia 4500
005 20230624105925.0
008 131103s9999 xx 000 0 und d
020 _a080065017 4
040 _aLoreto College
041 _aEnglish
082 _a301.43
_bBEC
100 _aBecker,Russell J.
245 _aFamily Pastoral Care
_cRussell J. Becker
260 _aPhiladelphia
_bFortress Press
_c1968
300 _a144 p.
440 _aSuccessful Pastoral Counseling Series
504 _a2nd printing 1972
630 _aCouncelling Spiritual Direction
650 _aPastoral Care
651 _aPastoral Theology
850 _aLCLIB
942 _cBK
999 _c3015
_d53494